| 000 | 01001cam a22002895a 4500 | ||
|---|---|---|---|
| 001 | 015991621 | ||
| 003 | OSt | ||
| 005 | 20160314142822.0 | ||
| 006 | a||||f ||z 00| 0 | ||
| 008 | 111207t2012 flua frb 001 0 eng d | ||
| 020 | _a9781439886908 | ||
| 040 |
_aStDuBDS _beng _cStDuBDS _dUk _dEG-ScBUE |
||
| 082 | 0 | 4 |
_a615.1 _222 _bHAI |
| 100 | 1 |
_aHaider, Syed Imtiaz. _939547 |
|
| 245 | 1 | 0 |
_aQuality operations procedures for pharmaceutical, API, and biotechnology / _cSyed Imtiaz Haider, Erfan Syed Asif. |
| 260 |
_aBoca Raton : _bCRC Press / Taylor & Francis Group, _cc.2012. |
||
| 300 |
_axxiv, 560 p. : _bill. ; _c27 cm. + _e CD-ROM (4 3/4 in.) |
||
| 500 | _aIndex : p. 555-560. | ||
| 504 | _aIncludes bibliographical references. | ||
| 650 | 0 |
_aPharmaceutical technology _xStandards. _2BUEsh |
|
| 650 | 0 |
_aBiotechnology _xStandards. _2BUEsh |
|
| 650 | 0 |
_aMedical laboratories _xStandards. _2BUEsh |
|
| 651 | _2BUEsh | ||
| 653 |
_bPPhrm _cMarch2016 |
||
| 700 | 1 | _aAsif, Erfan Syed. | |
| 942 | _2ddc | ||
| 999 |
_c21406 _d21378 |
||